[Event "31st Klatovy A 2025"]
[Site "Klatovy CZE"]
[Date "2025.07.03"]
[Round "6.14"]
[White "Slaby, Matej"]
[Black "Hurtak, Otto"]
[Result "1-0"]
[WhiteElo "2056"]
[BlackElo "1931"]
[PlyCount "105"]
[EventDate "2025.06.28"]
[EventType "swiss"]
[EventRounds "9"]
[EventCountry "CZE"]

1. d4 {[%emt 0:00:04]} Nc6 {[%emt 0:00:07]} 2. Nf3 {[%emt 0:00:06]} d6 {[%emt 0:00:10]} 3. e4 {[%emt 0:02:29]} Nf6 {[%emt 0:00:24]} 4. Nbd2 {[%emt 0:02:34]} g6 {[%emt 0:01:19]} 5. Bc4 {[%emt 0:01:10]} Bg7 {[%emt 0:00:49]} 6. c3 {[%emt 0:03:15]} O-O {[%emt 0:01:59]} 7. Bb3 {[%emt 0:00:16]} e5 {[%emt 0:01:33]} 8. dxe5 {[%emt 0:00:51]} dxe5 {[%emt 0:02:32]} 9. O-O {[%emt 0:01:09]} Qe7 {[%emt 0:05:58]} 10. Qe2 {[%emt 0:01:07]} Be6 {[%emt 0:13:26]} 11. Bxe6 {[%emt 0:16:14]} Qxe6 {[%emt 0:00:49]} 12. a4 {[%emt 0:00:18]} Nd7 {[%emt 0:11:45]} 13. b4 {[%emt 0:04:43]} a6 {[%emt 0:02:14]} 14. Ba3 {[%emt 0:01:26]} Rfd8 {[%emt 0:03:04]} 15. b5 {[%emt 0:03:42]} axb5 {[%emt 0:07:31]} 16. axb5 {[%emt 0:00:07]} Na5 {[%emt 0:02:32]} 17. Bb4 {[%emt 0:01:22]} b6 {[%emt 0:01:02]} 18. Bxa5 {[%emt 0:03:49]} bxa5 {[%emt 0:00:54]} 19. Nc4 {[%emt 0:10:08]} a4 {[%emt 0:00:54]} 20. Ne3 {[%emt 0:03:07]} Nb6 {[%emt 0:01:32]} 21. c4 {[%emt 0:01:13]} Qd6 {[%emt 0:14:18]} 22. Nd5 {[%emt 0:03:10]} Qc5 {[%emt 0:01:26]} 23. Rfc1 {[%emt 0:00:36]} a3 {[%emt 0:04:45]} 24. Ne1 {[%emt 0:02:48]} Ra4 {[%emt 0:04:10]} 25. Nd3 {[%emt 0:08:37]} Qd4 {[%emt 0:01:07]} 26. N3b4 {[%emt 0:00:42]} Nxd5 {[%emt 0:12:23]} 27. Nxd5 {[%emt 0:00:12]} Qc5 {[%emt 0:00:45]} 28. Ra2 {[%emt 0:08:34]} f5 {[%emt 0:04:59]} 29. g3 {[%emt 0:01:56]} f4 {[%emt 0:02:56]} 30. Kg2 {[%emt 0:02:42]} Rf8 {[%emt 0:01:52]} 31. Rc3 {[%emt 0:02:48]} fxg3 {[%emt 0:01:32]} 32. hxg3 {[%emt 0:00:58]} h5 {[%emt 0:03:34]} 33. Qe3 {[%emt 0:08:07]} Qxe3 {[%emt 0:01:52]} 34. fxe3 {[%emt 0:00:31]} Rf7 {[%emt 0:07:08]} 35. Raxa3 {[%emt 0:00:41]} Rxa3 {[%emt 0:00:05]} 36. Rxa3 {[%emt 0:00:07]} Bf8 {[%emt 0:00:13]} 37. Ra6 {[%emt 0:00:46]} Be7 {[%emt 0:04:17]} 38. Rxg6+ {[%emt 0:00:46]} Kh7 {[%emt 0:00:09]} 39. Nxe7 {[%emt 0:00:33]} Rxe7 {[%emt 0:00:17]} 40. Rc6 {[%emt 0:00:05]} Kg7 {[%emt 0:00:53]} 41. c5 {[%emt 0:00:15]} Kf7 {[%emt 0:00:24]} 42. Kh3 {[%emt 0:00:19]} Ke8 {[%emt 0:01:23]} 43. Kh4 {[%emt 0:00:18]} Kd7 {[%emt 0:00:16]} 44. Kxh5 {[%emt 0:00:20]} Re8 {[%emt 0:00:21]} 45. Rh6 {[%emt 0:01:03]} Rb8 {[%emt 0:01:00]} 46. b6 {[%emt 0:00:05]} cxb6 {[%emt 0:00:24]} 47. cxb6 {[%emt 0:00:05]} Ke7 {[%emt 0:00:37]} 48. g4 {[%emt 0:00:17]} Kf7 {[%emt 0:00:44]} 49. Kg5 {[%emt 0:00:42]} Kg7 {[%emt 0:00:28]} 50. Rc6 {[%emt 0:00:11]} Kf7 {[%emt 0:01:01]} 51. Kf5 {[%emt 0:00:07]} Re8 {[%emt 0:00:25]} 52. Rc7+ {[%emt 0:00:27]} Kf8 {[%emt 0:00:13]} 53. b7 {[%emt 0:00:22]} 1-0

[Event "31st Klatovy A 2025"]
[Site "Klatovy CZE"]
[Date "2025.07.03"]
[Round "6.15"]
[White "Palek, Miroslav"]
[Black "Slivova, Linda"]
[Result "1/2-1/2"]
[WhiteElo "2046"]
[BlackElo "1862"]
[PlyCount "84"]
[EventDate "2025.06.28"]
[EventType "swiss"]
[EventRounds "9"]
[EventCountry "CZE"]

1. e4 {[%emt 0:00:09]} c6 {[%emt 0:00:11]} 2. Nc3 {[%emt 0:01:22]} d5 {[%emt 0:00:13]} 3. Nf3 {[%emt 0:00:47]} dxe4 {[%emt 0:00:41]} 4. Nxe4 {[%emt 0:00:10]} Nf6 {[%emt 0:01:16]} 5. Nxf6+ {[%emt 0:00:24]} exf6 {[%emt 0:00:06]} 6. d4 {[%emt 0:00:42]} Bd6 {[%emt 0:01:30]} 7. Bd3 {[%emt 0:00:18]} Bg4 {[%emt 0:02:00]} 8. O-O {[%emt 0:00:38]} O-O {[%emt 0:00:14]} 9. c3 {[%emt 0:01:09]} Bc7 {[%emt 0:05:46]} 10. h3 {[%emt 0:03:15]} Bh5 {[%emt 0:00:23]} 11. g4 {[%emt 0:02:05]} Bg6 {[%emt 0:00:11]} 12. Nh4 {[%emt 0:00:21]} Qd6 {[%emt 0:05:58]} 13. f4 {[%emt 0:00:38]} Bxd3 {[%emt 0:00:09]} 14. Qxd3 {[%emt 0:00:22]} g6 {[%emt 0:00:47]} 15. Bd2 {[%emt 0:04:27]} Nd7 {[%emt 0:04:15]} 16. Rae1 {[%emt 0:03:40]} Rfe8 {[%emt 0:05:03]} 17. Re2 {[%emt 0:10:47]} c5 {[%emt 0:06:19]} 18. Rfe1 {[%emt 0:03:56]} Rxe2 {[%emt 0:01:27]} 19. Rxe2 {[%emt 0:00:25]} cxd4 {[%emt 0:02:37]} 20. cxd4 {[%emt 0:03:40]} Nb6 {[%emt 0:02:41]} 21. Ng2 {[%emt 0:03:08]} Rd8 {[%emt 0:05:48]} 22. Bc3 {[%emt 0:02:32]} Nd5 {[%emt 0:01:34]} 23. Bd2 {[%emt 0:01:09]} Bb6 {[%emt 0:13:03]} 24. Kf1 {[%emt 0:02:45]} Nc7 {[%emt 0:06:16]} 25. Bc3 {[%emt 0:02:32]} Ne6 {[%emt 0:06:56]} 26. Qe4 {[%emt 0:01:52]} Bxd4 {[%emt 0:17:09]} 27. Bxd4 {[%emt 0:03:21]} Nxd4 {[%emt 0:05:05]} 28. Rd2 {[%emt 0:00:15]} Qa6+ {[%emt 0:00:27]} 29. Kf2 {[%emt 0:01:35]} Qb6 {[%emt 0:01:41]} 30. Ne3 {[%emt 0:02:20]} Ne6 {[%emt 0:02:26]} 31. Rxd8+ {[%emt 0:00:34]} Nxd8 {[%emt 0:02:13]} 32. b3 {[%emt 0:02:54]} Nc6 {[%emt 0:04:12]} 33. h4 {[%emt 0:01:34]} Qa5 {[%emt 0:02:52]} 34. a4 {[%emt 0:02:13]} Qd2+ {[%emt 0:01:50]} 35. Kg3 {[%emt 0:00:08]} Qd6 {[%emt 0:11:28]} 36. Nd5 {[%emt 0:04:48]} Kg7 {[%emt 0:03:45]} 37. g5 {[%emt 0:02:22]} fxg5 {[%emt 0:02:16]} 38. hxg5 {[%emt 0:00:09]} Qe6 {[%emt 0:01:27]} 39. Qd3 {[%emt 0:01:51]} Qe1+ {[%emt 0:00:39]} 40. Kg2 {[%emt 0:01:33]} Qa1 {[%emt 0:02:45]} 41. Nf6 {[%emt 0:02:50]} Qd4 {[%emt 0:01:02]} 42. Qh3 {[%emt 0:03:20]} Qd2+ 1/2-1/2

[Event "31st Klatovy A 2025"]
[Site "Klatovy CZE"]
[Date "2025.07.03"]
[Round "6.17"]
[White "Richter, Martin 1969"]
[Black "Rudlof, Adam"]
[Result "1-0"]
[WhiteElo "1928"]
[BlackElo "1992"]
[PlyCount "57"]
[EventDate "2025.06.28"]
[EventType "swiss"]
[EventRounds "9"]
[EventCountry "CZE"]

1. e4 {[%emt 0:00:07]} c5 {[%emt 0:00:06]} 2. b3 {[%emt 0:00:10]} Nc6 {[%emt 0:00:28]} 3. Bb2 {[%emt 0:00:08]} d6 {[%emt 0:00:37]} 4. Bb5 {[%emt 0:00:33]} Nf6 {[%emt 0:02:12]} 5. Qe2 {[%emt 0:04:10]} Bd7 {[%emt 0:01:02]} 6. Bxc6 {[%emt 0:04:55]} Bxc6 {[%emt 0:00:18]} 7. d3 {[%emt 0:00:10]} e6 {[%emt 0:04:29]} 8. f4 {[%emt 0:00:37]} Be7 9. Nf3 {[%emt 0:01:34]} d5 {[%emt 0:08:48]} 10. Ne5 {[%emt 0:03:14]} Qa5+ {[%emt 0:12:53]} 11. Nd2 {[%emt 0:10:13]} O-O {[%emt 0:15:02]} 12. Nxc6 {[%emt 0:01:20]} bxc6 {[%emt 0:00:12]} 13. O-O {[%emt 0:00:37]} Rfd8 {[%emt 0:09:40]} 14. e5 {[%emt 0:11:33]} Ne8 {[%emt 0:08:15]} 15. f5 {[%emt 0:00:41]} Nc7 {[%emt 0:13:06]} 16. f6 {[%emt 0:01:48]} Bf8 {[%emt 0:00:06]} 17. Rf3 {[%emt 0:06:19]} Rd7 {[%emt 0:08:29]} 18. Rh3 {[%emt 0:02:01]} g6 {[%emt 0:09:37]} 19. a4 {[%emt 0:15:49]} Qb4 {[%emt 0:02:53]} 20. Rf1 {[%emt 0:02:00]} c4 {[%emt 0:03:44]} 21. dxc4 {[%emt 0:01:54]} dxc4 {[%emt 0:00:26]} 22. Nxc4 {[%emt 0:00:16]} Rad8 {[%emt 0:00:52]} 23. Ba3 {[%emt 0:03:52]} Rd2 {[%emt 0:04:58]} 24. Qe3 {[%emt 0:15:59]} Nd5 {[%emt 0:01:06]} 25. Qg5 {[%emt 0:00:39]} Bc5+ {[%emt 0:03:23]} 26. Kh1 {[%emt 0:01:16]} Rf2 {[%emt 0:00:15]} 27. Rg1 {[%emt 0:01:53]} Nf4 {[%emt 0:08:58]} 28. Bxb4 {[%emt 0:02:19]} Rxg2 {[%emt 0:00:11]} 29. Rg3 {[%emt 0:05:21]} 1-0

[Event "31st Klatovy A 2025"]
[Site "Klatovy CZE"]
[Date "2025.07.03"]
[Round "6.18"]
[White "Petrasek, Jiri"]
[Black "Bara, Jan"]
[Result "1/2-1/2"]
[WhiteElo "1919"]
[BlackElo "1964"]
[PlyCount "37"]
[EventDate "2025.06.28"]
[EventType "swiss"]
[EventRounds "9"]
[EventCountry "CZE"]

1. e4 {[%emt 0:00:02]} c5 {[%emt 0:00:13]} 2. Nf3 {[%emt 0:00:21]} d6 {[%emt 0:00:18]} 3. d4 {[%emt 0:00:05]} cxd4 {[%emt 0:00:07]} 4. Nxd4 {[%emt 0:00:02]} Nf6 {[%emt 0:00:08]} 5. Nc3 {[%emt 0:00:03]} g6 {[%emt 0:00:10]} 6. Be3 {[%emt 0:00:14]} Bg7 {[%emt 0:00:11]} 7. f3 {[%emt 0:00:12]} O-O {[%emt 0:00:08]} 8. Qd2 {[%emt 0:00:38]} Nc6 {[%emt 0:00:10]} 9. O-O-O {[%emt 0:00:24]} d5 {[%emt 0:00:29]} 10. exd5 {[%emt 0:01:06]} Nxd5 {[%emt 0:00:11]} 11. Nxc6 {[%emt 0:00:06]} bxc6 {[%emt 0:00:13]} 12. Bd4 {[%emt 0:00:28]} e5 {[%emt 0:00:16]} 13. Bc5 {[%emt 0:00:08]} Be6 {[%emt 0:00:11]} 14. Ne4 {[%emt 0:00:15]} Re8 {[%emt 0:00:24]} 15. h4 {[%emt 0:01:53]} Nb6 {[%emt 0:29:17]} 16. Qe3 {[%emt 0:26:12]} Nd5 {[%emt 0:11:40]} 17. Qd2 {[%emt 0:10:31]} Nb6 {[%emt 0:11:40]} 18. Qe3 {[%emt 0:07:41]} Nd5 {[%emt 0:05:38]} 19. Qd2 {[%emt 0:00:39]} 1/2-1/2

[Event "31st Klatovy A 2025"]
[Site "Klatovy CZE"]
[Date "2025.07.03"]
[Round "6.19"]
[White "Kocman, Patrik"]
[Black "Mametev, Artem"]
[Result "0-1"]
[WhiteElo "1836"]
[BlackElo "2179"]
[PlyCount "122"]
[EventDate "2025.06.28"]
[EventType "swiss"]
[EventRounds "9"]
[EventCountry "CZE"]

1. e4 c5 2. Nc3 d6 3. Bc4 Nc6 4. a3 g6 5. d3 Bg7 6. f4 e6 7. Nf3 Nge7 8. Ba2 Rb8 9. O-O O-O 10. Ne2 b5 11. c3 a5 12. h3 b4 13. axb4 axb4 14. Bd2 bxc3 15. bxc3 Rb2 16. Qc1 Qb6 17. Rb1 Rxb1 18. Qxb1 Qc7 19. Qc2 Ba6 20. Rb1 Ra8 21. Bb3 c4 22. Bxc4 Bxc4 23. dxc4 Na5 24. Ra1 Qxc4 25. Ned4 Nec6 26. Nxc6 Qxc6 27. Qd3 Rc8 28. Nd4 Qc5 29. Kh1 Nc4 30. Be1 Nb6 31. Ra6 Bxd4 32. cxd4 Qc1 33. Qd2 Rc2 34. Qxc1 Rxc1 35. Rxb6 Rxe1+ 36. Kh2 Rxe4 37. Rxd6 Rxf4 38. Kg3 Rf5 39. Ra6 h5 40. h4 Kf8 41. Ra7 Ke8 42. Rb7 Kf8 43. Ra7 Kg7 44. Rb7 Kf6 45. Ra7 Rf1 46. Ra5 Rd1 47. Ra4 Kf5 48. Ra7 Rd3+ 49. Kf2 f6 50. Ra5+ Ke4 51. Ra6 Kd5 52. Ra8 Rxd4 53. g3 Ke5 54. Ra5+ Ke4 55. Ra6 Kf5 56. Ra5+ e5 57. Ra6 Rb4 58. Rc6 Rb3 59. Ra6 e4 60. Ra5+ Kg4 61. Ra6 Rf3+ 0-1

[Event "31st Klatovy A 2025"]
[Site "Klatovy CZE"]
[Date "2025.07.03"]
[Round "6.20"]
[White "Mrazik, Marek"]
[Black "Vysinsky, Otakar"]
[Result "1/2-1/2"]
[WhiteElo "1854"]
[BlackElo "2116"]
[PlyCount "84"]
[EventDate "2025.06.28"]
[EventType "swiss"]
[EventRounds "9"]
[EventCountry "CZE"]

1. e4 e5 2. Nf3 Nc6 3. Nc3 Nf6 4. Bb5 Nd4 5. O-O Nxb5 6. Nxb5 c6 7. Nc3 d6 8. d4 Bg4 9. dxe5 Bxf3 10. Qxf3 dxe5 11. Bg5 Be7 12. Rad1 Qc7 13. Ne2 O-O 14. Ng3 Nd5 15. exd5 Bxg5 16. d6 Qd8 17. Rfe1 Re8 18. d7 Re6 19. Ne4 Be7 20. Qc3 Qc7 21. Rd2 Rd8 22. Red1 b6 23. a4 a5 24. Qc4 h6 25. c3 Bg5 26. Nxg5 hxg5 27. Qg4 Re7 28. h3 f6 29. Rd6 Kf8 30. Qf5 b5 31. axb5 cxb5 32. Qd3 Qb7 33. Qf5 Qc7 34. R1d5 Rf7 35. Qd3 Qc4 36. Qh7 Qc7 37. Qf5 a4 38. Qd3 Qc4 39. Qh7 Qc7 40. Qd3 Qc4 41. Qh7 Qc7 42. Qd3 Qc4 1/2-1/2

[Event "31st Klatovy A 2025"]
[Site "Klatovy CZE"]
[Date "2025.07.03"]
[Round "6.21"]
[White "Sadil, Antonin"]
[Black "Honcharov, Makar"]
[Result "0-1"]
[WhiteElo "1907"]
[BlackElo "2099"]
[PlyCount "66"]
[EventDate "2025.06.28"]
[EventType "swiss"]
[EventRounds "9"]
[EventCountry "CZE"]

1. e4 c5 2. Nc3 Nc6 3. g3 g6 4. Bg2 Bg7 5. d3 Rb8 6. a4 a6 7. Be3 d6 8. Qd2 e6 9. Nge2 Nge7 10. Bh6 O-O 11. h4 f6 12. Bxg7 Kxg7 13. g4 h6 14. f4 b5 15. axb5 axb5 16. Ng3 Nd4 17. g5 fxg5 18. f5 exf5 19. exf5 Bxf5 20. hxg5 h5 21. Nce2 Nxe2 22. Qxe2 Qd7 23. Bf3 Rbe8 24. Ne4 Nc6 25. Qd2 Bxe4 26. Bxe4 d5 27. Qc3+ Re5 28. Ra6 b4 29. Rxc6 bxc3 30. Rxg6+ Kf7 31. O-O+ Ke8 32. Rxf8+ Kxf8 33. Rf6+ Ke7 0-1

[Event "31st Klatovy A 2025"]
[Site "Klatovy CZE"]
[Date "2025.07.03"]
[Round "6.22"]
[White "Martinkovic, Adam"]
[Black "Slansky, Jachym"]
[Result "1/2-1/2"]
[WhiteElo "1921"]
[BlackElo "1878"]
[PlyCount "86"]
[EventDate "2025.06.28"]
[EventType "swiss"]
[EventRounds "9"]
[EventCountry "CZE"]

1. d4 Nf6 2. c4 g6 3. Nc3 d5 4. Nf3 Bg7 5. g3 c6 6. Bg2 O-O 7. O-O dxc4 8. a4 Nd5 9. e3 Bf5 10. Ne1 Nb4 11. e4 Be6 12. Be3 Qd7 13. Qd2 Bh3 14. Bxh3 Qxh3 15. Nb5 N8a6 16. Na3 Qe6 17. e5 Rfd8 18. Qe2 Nc7 19. Nxc4 Rd5 20. Ng2 Qc8 21. Rad1 Ne6 22. f4 Qd7 23. Qd2 c5 24. Qe2 Rd8 25. Kh1 Nxd4 26. Bxd4 Rxd4 27. Rxd4 Qxd4 28. Nge3 Qe4+ 29. Kg1 Nc6 30. Qg2 Qxg2+ 31. Kxg2 f6 32. exf6 Bxf6 33. f5 Rd4 34. fxg6 hxg6 35. Rf4 Rxf4 36. gxf4 Nb4 37. Kf3 Kf7 38. Ke4 Ke6 39. h3 Bd4 40. Ng2 Bf2 41. Kf3 Bd4 42. Ke4 Bf2 43. Kf3 Bd4 1/2-1/2

[Event "31st Klatovy A 2025"]
[Site "Klatovy CZE"]
[Date "2025.07.03"]
[Round "6.23"]
[White "Krivka, Matej"]
[Black "Verner, Matej"]
[Result "0-1"]
[WhiteElo "2000"]
[BlackElo "2143"]
[PlyCount "114"]
[EventDate "2025.06.28"]
[EventType "swiss"]
[EventRounds "9"]
[EventCountry "CZE"]

1. e4 Nf6 2. e5 Nd5 3. d4 d6 4. Nf3 dxe5 5. Nxe5 g6 6. Bc4 c6 7. O-O Bg7 8. c3 O-O 9. f4 b5 10. Bb3 Qb6 11. Qf3 Bb7 12. Kh1 e6 13. Bxd5 cxd5 14. Nd3 a5 15. Nd2 Nd7 16. a3 Ba6 17. b4 Bc8 18. Bb2 Qc7 19. Nb3 a4 20. Nbc5 Nb6 21. Rae1 Bd7 22. Ne5 Rae8 23. Bc1 Bc6 24. Qh3 Bb7 25. g4 f6 26. Nxg6 hxg6 27. Nxe6 Rxe6 28. Rxe6 Bc8 29. Re2 Kf7 30. f5 Rh8 31. fxg6+ Kxg6 32. Qd3+ Kf7 33. Bf4 Qc4 34. Qe3 Bxg4 35. Qe7+ Kg8 36. Ref2 Nc8 37. Qe3 Qc6 38. Rg1 Bf5 39. Rg3 Be4+ 40. Kg1 Kf7 41. Be5 Rh6 42. Rxg7+ Kxg7 43. Qxh6+ Kxh6 44. Rxf6+ Qxf6 45. Bxf6 Nd6 46. Be5 Nc4 47. Bf4+ Kh5 48. Bc1 Kg4 49. Kf2 Kh3 50. Ke2 Kxh2 51. Kf2 Kh3 52. Kf1 Kg3 53. Ke2 Kg2 54. Ke1 Kf3 55. Kf1 Bd3+ 56. Ke1 Be2 57. Bd2 Nxa3 0-1

[Event "31st Klatovy A 2025"]
[Site "Klatovy CZE"]
[Date "2025.07.03"]
[Round "6.24"]
[White "Pokorny, Jiri 2007"]
[Black "Bubela, Alexander Georg"]
[Result "1-0"]
[WhiteElo "2122"]
[BlackElo "1806"]
[PlyCount "119"]
[EventDate "2025.06.28"]
[EventType "swiss"]
[EventRounds "9"]
[EventCountry "CZE"]

1. g3 Nf6 2. Nf3 g6 3. d4 d5 4. c4 c6 5. Bg2 Bg7 6. O-O O-O 7. Nc3 dxc4 8. Ne5 Ng4 9. Nxg4 Bxg4 10. h3 Be6 11. e3 Qc8 12. Kh2 Rd8 13. Qc2 Na6 14. a3 Nc7 15. Ne2 c5 16. dxc5 Na6 17. c6 bxc6 18. Bd2 Rb8 19. Bc3 Nc5 20. Bxg7 Kxg7 21. Nd4 Rb6 22. Rad1 Rd6 23. Qc3 Kg8 24. Qa5 Nd3 25. Qxa7 c5 26. Nxe6 Qxe6 27. Qa8+ Kg7 28. Qa5 Rxb2 29. Qc3+ Qf6 30. Qxc4 Nxf2 31. Rxd6 exd6 32. Kg1 Rd2 33. a4 Qb2 34. Qf4 Nd3 35. Qxf7+ Kh6 36. Bf3 Qe5 37. Qf8+ Qg7 38. Qxd6 Qe5 39. Qf8+ Qg7 40. Qxg7+ Kxg7 41. Rd1 Ne5 42. Bg4 Ra2 43. Rd5 Nxg4 44. hxg4 Rxa4 45. g5 c4 46. Kf2 Ra2+ 47. Kf3 c3 48. Rd7+ Kg8 49. Rc7 Ra5 50. Kf4 Ra4+ 51. e4 Ra3 52. e5 Ra4+ 53. Kf3 Ra5 54. Ke4 Ra4+ 55. Kd5 Rg4 56. Rxc3 Rxg5 57. Kd6 Rf5 58. Rc8+ Rf8 59. Rxf8+ Kxf8 60. Kd7 1-0

[Event "31st Klatovy A 2025"]
[Site "Klatovy CZE"]
[Date "2025.07.03"]
[Round "6.25"]
[White "Bobrakov Timoskin, Alexandr 1978"]
[Black "Hrckova, Anna"]
[Result "1-0"]
[WhiteElo "1868"]
[BlackElo "1728"]
[PlyCount "55"]
[EventDate "2025.06.28"]
[EventType "swiss"]
[EventRounds "9"]
[EventCountry "CZE"]

1. d4 d5 2. c4 c6 3. cxd5 cxd5 4. Nc3 Nc6 5. Bf4 Nf6 6. e3 a6 7. Bd3 e6 8. a3 Bd6 9. Bg5 Be7 10. Nf3 O-O 11. O-O h6 12. Bh4 Nd7 13. Bg3 Bf6 14. Rc1 Re8 15. b4 b5 16. Nxd5 exd5 17. Rxc6 Bb7 18. Rc7 Ra7 19. Bb1 Be7 20. Qc2 Nf6 21. Be5 Ne4 22. Nd2 Bd6 23. Nxe4 dxe4 24. Rxb7 Rxb7 25. Qxe4 Bxe5 26. Qxb7 Bc7 27. Rc1 Bb8 28. Bf5 1-0

[Event "31st Klatovy A 2025"]
[Site "Klatovy CZE"]
[Date "2025.07.03"]
[Round "6.26"]
[White "Gernert, Tomas"]
[Black "Vo, Daniel"]
[Result "1/2-1/2"]
[WhiteElo "1794"]
[BlackElo "1834"]
[PlyCount "55"]
[EventDate "2025.06.28"]
[EventType "swiss"]
[EventRounds "9"]
[EventCountry "CZE"]

1. d4 d5 2. Bf4 Nf6 3. e3 c5 4. Nf3 Nc6 5. Nc3 a6 6. dxc5 e6 7. Na4 Bxc5 8. Nxc5 Qa5+ 9. c3 Qxc5 10. Bd3 O-O 11. h4 Re8 12. Ne5 Nxe5 13. Bxe5 Nd7 14. Bg3 e5 15. Kf1 e4 16. Be2 Ne5 17. Bxe5 Rxe5 18. Qb3 Rf5 19. g4 Rf6 20. g5 Rb6 21. Qc2 Bd7 22. Rd1 Rd8 23. Kg2 Qc8 24. Kg3 Qb8+ 25. Kg2 Qc8 26. Kg3 Qc7+ 27. Kg2 Qc8 28. Kg3 1/2-1/2

[Event "31st Klatovy A 2025"]
[Site "Klatovy CZE"]
[Date "2025.07.03"]
[Round "6.28"]
[White "Hronik, Petr 1980"]
[Black "Feierfeil, Jiri"]
[Result "1/2-1/2"]
[WhiteElo "1905"]
[BlackElo "1738"]
[PlyCount "120"]
[EventDate "2025.06.28"]
[EventType "swiss"]
[EventRounds "9"]
[EventCountry "CZE"]

1. d4 Nf6 2. c3 d5 3. Bf4 e6 4. e3 a6 5. Nf3 Be7 6. Nbd2 Nbd7 7. Bd3 O-O 8. Ne5 c5 9. g4 Nxe5 10. Bxe5 Nd7 11. Bg3 b5 12. f4 cxd4 13. cxd4 Bb7 14. h4 Rc8 15. g5 f5 16. gxf6 Nxf6 17. Qf3 Bb4 18. Qd1 Bd6 19. O-O Qb6 20. Nf3 Ne4 21. Bxe4 dxe4 22. Ne5 Bxe5 23. fxe5 Rxf1+ 24. Kxf1 Qc7 25. Qe2 Qc2 26. Rd1 Bd5 27. b3 Rf8+ 28. Bf4 Qc6 29. Rd2 Rc8 30. Kg2 a5 31. Kh2 a4 32. bxa4 bxa4 33. Qg4 a3 34. Rg2 Rc7 35. Bh6 Qb7 36. Qh5 Qc8 37. Qg4 Qf8 38. Qd1 Rb7 39. Kh1 Kh8 40. Bf4 Qb8 41. Qg4 Qf8 42. h5 Qf5 43. Qh4 Qf8 44. h6 g6 45. Bg5 Rb1+ 46. Kh2 Rb2 47. Bf6+ Kg8 48. Bg7 Qe8 49. Qe1 Bxa2 50. Qa5 Bd5 51. Qxa3 Rxg2+ 52. Kxg2 Qd8 53. Bf6 Qe8 54. Qa7 Qf8 55. Qg7+ Qxg7 56. Bxg7 Kf7 57. Kg3 g5 58. Kg4 Kg6 59. Bf6 Bb3 60. Bxg5 Bd1+ 1/2-1/2

[Event "31st Klatovy A 2025"]
[Site "Klatovy CZE"]
[Date "2025.07.03"]
[Round "6.29"]
[White "Mojzisova, Barbora"]
[Black "Chmelik, Ladislav"]
[Result "1-0"]
[WhiteElo "1757"]
[BlackElo "1816"]
[PlyCount "63"]
[EventDate "2025.06.28"]
[EventType "swiss"]
[EventRounds "9"]
[EventCountry "CZE"]

1. e4 d5 2. exd5 Qxd5 3. Nc3 Qa5 4. d4 c6 5. Nf3 Bg4 6. Bd2 Qc7 7. Bc4 Nf6 8. Qe2 e6 9. Ne4 Be7 10. Bd3 Nbd7 11. Ng3 Bd6 12. O-O-O O-O-O 13. Ne4 Nxe4 14. Qxe4 Bf5 15. Qe2 Bxd3 16. Qxd3 h6 17. Qb3 Nf6 18. Qa4 Kb8 19. Kb1 Ne4 20. Be3 Qb6 21. Rd3 Qb4 22. Qxb4 Bxb4 23. Ne5 Rhf8 24. Rb3 c5 25. a3 Rd5 26. axb4 cxd4 27. Bf4 Ka8 28. Re1 Rxe5 29. Bxe5 Nd2+ 30. Ka2 Nxb3 31. Kxb3 f6 32. Bxd4 1-0

[Event "31st Klatovy A 2025"]
[Site "Klatovy CZE"]
[Date "2025.07.02"]
[Round "5.1"]
[White "Straka, Vojtech"]
[Black "Slovak, Kilian"]
[Result "1-0"]
[WhiteElo "2425"]
[BlackElo "2349"]
[PlyCount "71"]
[EventDate "2025.06.28"]
[EventType "swiss"]
[EventRounds "9"]
[EventCountry "CZE"]

1. d4 {[%emt 0:00:12]} Nf6 {[%emt 0:00:07]} 2. c4 {[%emt 0:00:13]} g6 {[%emt 0:00:05]} 3. Nc3 {[%emt 0:00:11]} Bg7 {[%emt 0:00:10]} 4. e4 {[%emt 0:00:13]} O-O {[%emt 0:00:07]} 5. Be3 {[%emt 0:00:51]} d6 {[%emt 0:00:07]} 6. f3 {[%emt 0:00:32]} Nc6 {[%emt 0:00:08]} 7. Nge2 {[%emt 0:00:25]} a6 {[%emt 0:00:11]} 8. Qd2 {[%emt 0:00:13]} Bd7 {[%emt 0:00:22]} 9. Rb1 {[%emt 0:00:29]} Na5 {[%emt 0:04:55]} 10. Nc1 {[%emt 0:09:37]} b5 {[%emt 0:00:56]} 11. cxb5 {[%emt 0:04:03]} axb5 {[%emt 0:00:54]} 12. Nxb5 {[%emt 0:00:19]} Qb8 {[%emt 0:02:17]} 13. Nc3 {[%emt 0:03:46]} c5 {[%emt 0:01:20]} 14. Be2 {[%emt 0:12:31]} cxd4 {[%emt 0:03:07]} 15. Bxd4 {[%emt 0:00:27]} Rc8 {[%emt 0:09:54]} 16. O-O {[%emt 0:03:24]} Nc4 {[%emt 0:10:31]} 17. Bxc4 {[%emt 0:01:20]} Rxc4 {[%emt 0:00:06]} 18. N1e2 {[%emt 0:03:58]} Nxe4 {[%emt 0:18:49]} 19. Nxe4 {[%emt 0:03:44]} Rxd4 {[%emt 0:34:29]} 20. Nxd4 {[%emt 0:00:31]} Qb6 {[%emt 0:01:58]} 21. Rfd1 {[%emt 0:14:35]} Ra4 {[%emt 0:11:00]} 22. b4 {[%emt 0:07:17]} e5 {[%emt 0:00:55]} 23. Nc3 {[%emt 0:09:34]} Ra8 {[%emt 0:06:59]} 24. Nd5 {[%emt 0:00:47]} Qa7 {[%emt 0:00:04]} 25. b5 {[%emt 0:01:06]} exd4 {[%emt 0:00:04]} 26. b6 {[%emt 0:05:46]} Qb7 {[%emt 0:00:07]} 27. Qg5 {[%emt 0:00:49]} Be6 {[%emt 0:04:23]} 28. Nc7 {[%emt 0:01:04]} h6 {[%emt 0:00:19]} 29. Qb5 {[%emt 0:00:50]} Bxa2 {[%emt 0:02:51]} 30. Nxa8 {[%emt 0:00:11]} Bxb1 {[%emt 0:00:05]} 31. Qe8+ {[%emt 0:01:00]} Kh7 {[%emt 0:00:02]} 32. Rxb1 {[%emt 0:00:15]} d3 {[%emt 0:00:15]} 33. Nc7 {[%emt 0:03:53]} Bd4+ {[%emt 0:01:52]} 34. Kf1 {[%emt 0:00:37]} Bxb6 {[%emt 0:00:41]} 35. Qxf7+ {[%emt 0:00:13]} Kh8 {[%emt 0:00:03]} 36. Re1 {[%emt 0:00:38]} 1-0